[Event "4NCL Division 3 North"]
[Site "Wakefield, ENG"]
[Date "2016.11.27"]
[Round "2.65"]
[White "Scattergood, Ben"]
[Black "Grindrod, John"]
[Result "1-0"]
[WhiteElo "1884"]
[BlackElo "1847"]
[PlyCount "75"]
[EventDate "2016.11.27"]
[WhiteTeam "Holmes Chapel"]
[BlackTeam "Manchester Manticores 4"]

1. e4 e6 2. Nf3 d5 3. d3 Nf6 4. Nbd2 c5 5. c3 b6 6. g3 Bb7 7. e5 Nfd7 8. Bg2
Nc6 9. d4 Be7 10. O-O O-O 11. b3 cxd4 12. cxd4 Rc8 13. a3 Ba6 14. Re1 Na5 15.
b4 Nc4 16. Qa4 Nb8 17. b5 Qd7 18. Rb1 Rc7 19. Qb3 Na5 20. Qb2 Bb7 21. Bf1 Rfc8
22. Re3 Nc4 23. Nxc4 dxc4 24. Bd2 Rd8 25. Bc3 g6 26. Nd2 Bd5 27. Bg2 Qc8 28.
Rc1 f6 29. Bb4 Bxb4 30. Qxb4 Bxg2 31. Kxg2 Rxd4 32. exf6 Qb7+ 33. Kg1 Qd5 34.
Nf3 Rd3 35. Rxd3 Qxd3 36. Ne5 Qf5 37. Qd6 Rc8 38. Qe7 1-0

[Event "4NCL Division 3 North"]
[Site "Wakefield, ENG"]
[Date "2016.11.27"]
[Round "2.63"]
[White "Bennett, Patrick"]
[Black "Lonsdale, Jon I"]
[Result "1-0"]
[WhiteElo "2005"]
[BlackElo "1840"]
[PlyCount "35"]
[EventDate "2016.11.27"]
[WhiteTeam "Holmes Chapel"]
[BlackTeam "Manchester Manticores 4"]

1. d4 Nf6 2. Nf3 e6 3. g3 b5 4. Bg2 Bb7 5. O-O c5 6. Bg5 Be7 7. dxc5 Bxc5 8.
Qd3 a6 9. a4 b4 10. Nbd2 h6 11. Bf4 d5 12. Nb3 Be7 13. Rfc1 O-O 14. c4 dxc4 15.
Qxc4 Bd5 16. Qd3 Nc6 17. Nbd2 Nh5 18. e4 1-0

[Event "4NCL Division 3 North"]
[Site "Wakefield, ENG"]
[Date "2016.11.27"]
[Round "2.26"]
[White "Rigby, Stephen"]
[Black "Livesey, R Nigel"]
[Result "1-0"]
[WhiteElo "1630"]
[BlackElo "1877"]
[Annotator "Barnes,Lara"]
[PlyCount "91"]
[EventDate "2016.11.27"]
[WhiteTeam "3Cs 3"]
[BlackTeam "Manchester Manticores 3"]

1. d4 e6 2. Nf3 f5 3. c4 Nf6 4. Nc3 d5 5. cxd5 exd5 6. Bf4 c6 7. e3 Qa5 8. a3
Be7 9. Be2 O-O 10. b4 Qd8 11. O-O Nbd7 12. Rc1 a6 13. Na4 Ne4 14. Ne5 Nxe5 15.
Bxe5 Bd6 16. Bxd6 Nxd6 17. Nc5 f4 18. Bg4 fxe3 19. fxe3 Rxf1+ 20. Kxf1 Nc4 21.
Rc3 Qg5 22. Bxc8 Rxc8 23. Qe2 Re8 24. e4 Nd2+ 25. Kg1 b6 26. Rg3 Qe7 27. Qxd2
bxc5 28. exd5 cxd4 29. dxc6 Qe4 30. Rf3 Rc8 31. Qa2+ Kh8 32. Qf7 Qe1+ 33. Rf1
Qe3+ 34. Qf2 h6 35. Qxe3 dxe3 36. Rc1 Kg8 37. Kf1 Kf7 38. a4 Ke6 39. b5 Kd6 40.
Ke2 Kc7 41. Rd1 Kb6 42. Rd5 Re8 43. Rd7 axb5 44. axb5 Kxb5 45. c7 Kc6 46. Rd8
1-0

[Event "4NCL Division 3 North"]
[Site "Wakefield, ENG"]
[Date "2016.11.27"]
[Round "2.24"]
[White "Denisov, Denis"]
[Black "Altham, John T"]
[Result "0-1"]
[WhiteElo "1780"]
[BlackElo "1900"]
[PlyCount "56"]
[EventDate "2016.11.27"]
[WhiteTeam "3Cs 3"]
[BlackTeam "Manchester Manticores 3"]

1. e4 e5 2. Nf3 Nc6 3. d4 exd4 4. Nxd4 Nf6 5. Nxc6 bxc6 6. e5 Qe7 7. Qe2 Nd5 8.
c4 Ba6 9. b3 f6 10. Bb2 O-O-O 11. Nd2 fxe5 12. O-O-O Re8 13. Kb1 g6 14. Ne4 Bg7
15. Qd2 Nf6 16. Bd3 Nxe4 17. Bxe4 Bb7 18. Qa5 Kb8 19. Ba3 d6 20. Qa4 Qf6 21. f3
d5 22. cxd5 cxd5 23. Bxd5 e4 24. Qb4 Qa1+ 25. Kc2 Qxa2+ 26. Kc1 Bh6+ 27. Rd2
Bxd2+ 28. Qxd2 Qxa3+ 0-1

[Event "4NCL Division 3 North"]
[Site "Wakefield, ENG"]
[Date "2016.11.27"]
[Round "2.13"]
[White "Truman, Richard G"]
[Black "Moran, Stephen"]
[Result "1/2-1/2"]
[WhiteElo "1972"]
[BlackElo "2180"]
[PlyCount "56"]
[EventDate "2016.11.27"]
[WhiteTeam "Ashfield Breadsall 1"]
[BlackTeam "Gonzaga"]

1. e4 e6 2. d4 d5 3. Nd2 Nf6 4. e5 Nfd7 5. Bd3 c5 6. c3 Nc6 7. Ne2 cxd4 8. cxd4
f6 9. exf6 Nxf6 10. Nf3 Bd6 11. Bf4 Qa5+ 12. Qd2 Qxd2+ 13. Kxd2 Bxf4+ 14. Nxf4
O-O 15. Rhe1 Ne4+ 16. Bxe4 Rxf4 17. Bd3 Nxd4 18. Ke3 Nxf3 19. Kxf4 Nxe1 20.
Rxe1 Bd7 21. Ke5 Bc6 22. Re2 Kf7 23. f4 a5 24. b3 h6 25. Kd4 Kf6 26. g3 Re8 27.
h4 Rc8 28. g4 Be8 1/2-1/2

[Event "4NCL Division 3 North"]
[Site "Wakefield, ENG"]
[Date "2016.11.27"]
[Round "2.61"]
[White "Turner, John M"]
[Black "Collins, Richard A"]
[Result "1/2-1/2"]
[WhiteElo "2007"]
[BlackElo "1930"]
[PlyCount "28"]
[EventDate "2016.11.27"]
[WhiteTeam "Holmes Chapel"]
[BlackTeam "Manchester Manticores 4"]

1. e4 c6 2. Nc3 d5 3. Nf3 dxe4 4. Nxe4 Bf5 5. Ng3 Bg6 6. h4 h6 7. Ne5 Bh7 8.
Qf3 Nf6 9. Qb3 Qd5 10. Qxb7 Qxe5+ 11. Be2 e6 12. Qxa8 Bc5 13. O-O Qxg3 14. d4
Bxd4 1/2-1/2

[Event "4NCL Division 3 North"]
[Site "Wakefield, ENG"]
[Date "2016.11.27"]
[Round "2.74"]
[White "Jayawarna, Nugith"]
[Black "Cooper, John G"]
[Result "1/2-1/2"]
[WhiteElo "2125"]
[BlackElo "1958"]
[PlyCount "34"]
[EventDate "2016.11.27"]
[WhiteTeam "Manchester Manticores 1"]
[BlackTeam "Spirit of Atticus B"]

1. c4 e5 2. g3 Nf6 3. Bg2 d5 4. cxd5 Nxd5 5. Nc3 Nb6 6. Nf3 Nc6 7. O-O Be7 8.
a3 Be6 9. b4 f6 10. d3 O-O 11. Bb2 a6 12. Ne4 Qd7 13. Nc5 Bxc5 14. bxc5 Nd5 15.
Rb1 Rad8 16. Nd2 Rb8 17. Ba1 b5 1/2-1/2

[Event "4NCL Division 3 North"]
[Site "Wakefield, ENG"]
[Date "2016.11.27"]
[Round "2.95"]
[White "Nezis, Anastasios"]
[Black "Miah, Zahed"]
[Result "1-0"]
[WhiteElo "1888"]
[BlackElo "1817"]
[PlyCount "35"]
[EventDate "2016.11.27"]
[WhiteTeam "Jorvik"]
[BlackTeam "Manx Liberty"]

1. e4 c5 2. Nf3 d6 3. d4 cxd4 4. Nxd4 Nf6 5. Nc3 a6 6. Bg5 e6 7. f4 Be7 8. Qf3
Qc7 9. O-O-O Nbd7 10. g4 b5 11. Bxf6 Bxf6 12. Bxb5 axb5 13. Ndxb5 Qa5 14. Nxd6+
Ke7 15. e5 Bh4 16. Qc6 Ra6 17. Nxc8+ Rxc8 18. Qxd7+ 1-0

[Event "4NCL Division 3 North"]
[Site "Wakefield, ENG"]
[Date "2016.11.27"]
[Round "2.23"]
[White "Tyton, Adam"]
[Black "Ye, Kevin"]
[Result "1/2-1/2"]
[WhiteElo "1907"]
[BlackElo "1787"]
[PlyCount "44"]
[EventDate "2016.11.27"]
[WhiteTeam "Manchester Manticores 3"]
[BlackTeam "3Cs 3"]

1. e4 e5 2. Nf3 Nc6 3. d4 exd4 4. Bc4 Nf6 5. O-O Nxe4 6. Re1 d5 7. Bxd5 Qxd5 8.
Nc3 Qh5 9. Nxe4 Be6 10. Nxd4 Qxd1 11. Rxd1 O-O-O 12. Be3 Nxd4 13. Bxd4 a6 14.
b3 Bf5 15. Ng5 Bxc2 16. Nxf7 Bxd1 17. Nxd8 Bg4 18. Nf7 Rg8 19. h3 Bh5 20. Ng5
Be7 21. Ne6 g5 22. Re1 Bd6 1/2-1/2

[Event "4NCL Division 3 North"]
[Site "Wakefield, ENG"]
[Date "2016.11.27"]
[Round "2.75"]
[White "Mort, Andrew J"]
[Black "Mulleady, Peter J"]
[Result "1/2-1/2"]
[WhiteElo "1895"]
[BlackElo "2095"]
[PlyCount "43"]
[EventDate "2016.11.27"]
[WhiteTeam "Spirit of Atticus B"]
[BlackTeam "Manchester Manticores 1"]

1. c4 c5 2. g3 g6 3. Bg2 Bg7 4. Nc3 Nc6 5. a3 e5 6. b4 cxb4 7. axb4 Nge7 8. b5
Nd4 9. e3 Ne6 10. Ba3 f5 11. Nge2 Kf7 12. O-O d6 13. Ra2 Rb8 14. d4 e4 15. f3
exf3 16. Bxf3 Re8 17. Qd3 b6 18. Bb4 Bb7 19. Nd5 Ng5 20. Bg2 Kg8 21. Nef4 Nc8
22. h4 1/2-1/2

[Event "4NCL Division 3 North"]
[Site "Wakefield, ENG"]
[Date "2016.11.27"]
[Round "2.91"]
[White "Carpenter, Martin"]
[Black "Cyborowski, Lukasz"]
[Result "0-1"]
[WhiteElo "2099"]
[BlackElo "2524"]
[PlyCount "46"]
[EventDate "2016.11.27"]
[WhiteTeam "Jorvik"]
[BlackTeam "Manx Liberty"]

1. e4 c5 2. Nf3 Nc6 3. d4 cxd4 4. Nxd4 Qb6 5. Nb3 Nf6 6. Nc3 e6 7. Qe2 d6 8.
Be3 Qc7 9. O-O-O a6 10. g4 b5 11. Bg2 Bb7 12. g5 Nd7 13. f4 Be7 14. h4 O-O-O
15. Qf2 Kb8 16. Kb1 Rc8 17. Nd4 Na5 18. h5 Nc4 19. Bc1 Nc5 20. a3 Qb6 21. Rh3
h6 22. g6 fxg6 23. Nxe6 Nxe6 0-1

[Event "4NCL Division 3 North"]
[Site "Wakefield, ENG"]
[Date "2016.11.27"]
[Round "2.32"]
[White "McCumiskey, Andrew P"]
[Black "Timson, Paul F"]
[Result "1/2-1/2"]
[WhiteElo "2027"]
[BlackElo "2065"]
[PlyCount "50"]
[EventDate "2016.11.27"]
[WhiteTeam "Hounds and Bears"]
[BlackTeam "Manchester Manticores 2"]

1. d4 Nf6 2. Bg5 g6 3. Bxf6 exf6 4. c4 f5 5. Nc3 Bg7 6. Nf3 O-O 7. e3 d6 8. Bd3
Nd7 9. Qc2 Re8 10. O-O-O Nf6 11. h4 c6 12. Kb1 Qa5 13. Nd2 Bd7 14. Nb3 Qc7 15.
Ne2 Rac8 16. Nf4 b5 17. h5 g5 18. h6 gxf4 19. hxg7 fxe3 20. fxe3 Rxe3 21. Bxf5
bxc4 22. Bxh7+ Kxg7 23. Qxc4 Bg4 24. Rdf1 Qe7 25. Bd3 Rh8 1/2-1/2

[Event "4NCL Division 3 North"]
[Site "Wakefield, ENG"]
[Date "2016.11.27"]
[Round "2.96"]
[White "Bibby, Liam"]
[Black "Flint, Martina"]
[Result "0-1"]
[WhiteElo "1705"]
[BlackElo "1844"]
[PlyCount "52"]
[EventDate "2016.11.27"]
[WhiteTeam "Manx Liberty"]
[BlackTeam "Jorvik"]

1. d4 g6 2. e4 Bg7 3. Nf3 d6 4. Nc3 e6 5. Bg5 f6 6. Be3 Ne7 7. Qd2 g5 8. O-O-O
h6 9. h4 g4 10. Nh2 f5 11. exf5 exf5 12. Bd3 Nbc6 13. f3 Nb4 14. fxg4 Nxd3+ 15.
Qxd3 fxg4 16. Rde1 O-O 17. Rhf1 Bf5 18. Qe2 Qd7 19. Bg5 Nc6 20. Qc4+ Kh8 21.
Bf4 Nxd4 22. Rf2 b5 23. Qf1 b4 24. Ne2 Nxc2 25. Ng3 Qc6 26. Kd1 Nxe1 0-1

[Event "4NCL Division 3 North"]
[Site "Wakefield, ENG"]
[Date "2016.11.27"]
[Round "2.76"]
[White "Hamer, Martyn"]
[Black "Emerton, Keith"]
[Result "1-0"]
[WhiteElo "2080"]
[BlackElo "1802"]
[PlyCount "51"]
[EventDate "2016.11.27"]
[WhiteTeam "Manchester Manticores 1"]
[BlackTeam "Spirit of Atticus B"]

1. d4 Nf6 2. c4 g6 3. Nc3 Bg7 4. e4 d6 5. Be2 O-O 6. Be3 e5 7. d5 Nbd7 8. Qd2
Ne8 9. g4 c6 10. h4 Ndf6 11. f3 h5 12. Nh3 hxg4 13. Nf2 g3 14. Nd3 Nh5 15.
O-O-O f5 16. f4 exf4 17. Nxf4 Nxf4 18. Bxf4 Be5 19. Rdg1 fxe4 20. Bxe5 dxe5 21.
Rxg3 Bf5 22. h5 Kf7 23. hxg6+ Bxg6 24. Rxg6 Kxg6 25. Qh6+ Kf7 26. Bh5+ 1-0

[Event "4NCL Division 3 North"]
[Site "Wakefield, ENG"]
[Date "2016.11.27"]
[Round "2.86"]
[White "Graham, Neil"]
[Black "Patrick, David A"]
[Result "0-1"]
[WhiteElo "1821"]
[BlackElo "1867"]
[PlyCount "54"]
[EventDate "2016.11.27"]
[WhiteTeam "Ashfield Breadsall 2"]
[BlackTeam "Bradford DCA Knights B"]

1. d4 d5 2. Bg5 h6 3. Bh4 c6 4. Nf3 Qb6 5. Qc1 Bf5 6. e3 Nd7 7. c4 dxc4 8. Bxc4
Qb4+ 9. Nbd2 Ngf6 10. a3 Qb6 11. Bxf6 Nxf6 12. O-O e6 13. Ba2 Be7 14. Bb1 Bxb1
15. Rxb1 O-O 16. Qc2 Rfd8 17. h3 Rac8 18. Nc4 Qa6 19. Qb3 c5 20. dxc5 Rxc5 21.
Nce5 Ne4 22. Rbd1 Rxd1 23. Rxd1 Qe2 24. Rf1 Rxe5 25. Nxe5 Qxf1+ 26. Kxf1 Nd2+
27. Ke2 Nxb3 0-1

[Event "4NCL Division 3 North"]
[Site "Wakefield, ENG"]
[Date "2016.11.27"]
[Round "2.42"]
[White "Scott, Luke"]
[Black "Procter, Colin S"]
[Result "1/2-1/2"]
[WhiteElo "2016"]
[BlackElo "1717"]
[PlyCount "53"]
[EventDate "2016.11.27"]
[WhiteTeam "Enniscorthy"]
[BlackTeam "Bradford DCA Knights C"]

1. d4 d5 2. c4 e6 3. Nf3 Nf6 4. Nc3 Be7 5. e3 b6 6. cxd5 exd5 7. Bd3 O-O 8. O-O
c5 9. dxc5 bxc5 10. b3 Nc6 11. Bb2 h6 12. h3 Be6 13. Rc1 Rb8 14. Na4 c4 15.
bxc4 Nb4 16. cxd5 Bxd5 17. Nd4 Nxd3 18. Qxd3 Qd7 19. Nf5 Rbd8 20. Nxe7+ Qxe7
21. Ba3 Qe8 22. Qc2 Rc8 23. Qd2 Qxa4 24. Bxf8 Rxf8 25. Rc5 Qxa2 26. Qxa2 Bxa2
27. Ra5 1/2-1/2

[Event "4NCL Division 3 North"]
[Site "Wakefield, ENG"]
[Date "2016.11.27"]
[Round "2.14"]
[White "Murray, David"]
[Black "Garnett, John S"]
[Result "1-0"]
[WhiteElo "2139"]
[BlackElo "1981"]
[PlyCount "53"]
[EventDate "2016.11.27"]
[WhiteTeam "Gonzaga"]
[BlackTeam "Ashfield Breadsall 1"]

1. e4 c6 2. d4 d5 3. e5 c5 4. c4 cxd4 5. Nf3 Bg4 6. cxd5 Qxd5 7. Nc3 Qa5 8.
Bb5+ Nc6 9. Bxc6+ bxc6 10. Qxd4 Bxf3 11. gxf3 e6 12. O-O Bc5 13. Qc4 Ne7 14.
Ne4 Bb6 15. Nd6+ Kf8 16. Qf4 Nf5 17. Bd2 Qd5 18. Bb4 Nxd6 19. Rfd1 Qb5 20. a4
Qe2 21. Rxd6 Bxf2+ 22. Kh1 c5 23. Rd7 f5 24. exf6 Ke8 25. Rad1 Bd4 26. R7xd4
cxd4 27. f7+ 1-0

[Event "4NCL Division 3 North"]
[Site "Wakefield, ENG"]
[Date "2016.11.27"]
[Round "2.54"]
[White "Russell, Harry"]
[Black "Adams, Philip"]
[Result "0-1"]
[WhiteElo "2036"]
[BlackElo "1990"]
[PlyCount "56"]
[EventDate "2016.11.27"]
[WhiteTeam "Cheddleton 2"]
[BlackTeam "3Cs 2"]

1. Nf3 c5 2. g3 g6 3. Bg2 Bg7 4. d4 cxd4 5. Nxd4 Nc6 6. Nxc6 bxc6 7. O-O Nf6 8.
e4 Ba6 9. Re1 O-O 10. Nc3 d6 11. Be3 Qc7 12. Bd4 e5 13. Be3 Rab8 14. Rb1 Rfd8
15. Qf3 Qe7 16. Red1 h6 17. g4 Nh7 18. b4 Bc4 19. Bf1 Be6 20. b5 cxb5 21. Bxb5
Qc7 22. Bd2 Nf6 23. h3 d5 24. g5 Nxe4 25. gxh6 Nxd2 26. Rxd2 e4 27. Nxe4 dxe4
28. Rxd8+ Qxd8 0-1

[Event "4NCL Division 3 North"]
[Site "Wakefield, ENG"]
[Date "2016.11.27"]
[Round "2.82"]
[White "Burke, Steven J"]
[Black "Slinger, Tony J"]
[Result "1/2-1/2"]
[WhiteElo "1898"]
[BlackElo "1913"]
[PlyCount "55"]
[EventDate "2016.11.27"]
[WhiteTeam "Ashfield Breadsall 2"]
[BlackTeam "Bradford DCA Knights B"]

1. d4 d5 2. Nf3 Nf6 3. e3 c6 4. Nbd2 Bg4 5. Be2 e6 6. O-O Nbd7 7. b3 Bd6 8. Bb2
Qc7 9. h3 Bh5 10. c4 O-O 11. c5 Be7 12. b4 Ne4 13. Nxe4 dxe4 14. Nd2 Bxe2 15.
Qxe2 f5 16. f3 exf3 17. Qc4 Rf6 18. Rxf3 Kh8 19. Raf1 Raf8 20. e4 fxe4 21. Rxf6
Rxf6 22. Rxf6 Nxf6 23. Qxe6 Qf4 24. Nf1 Nd5 25. Bc1 Qf8 26. Qxe4 Nxb4 27. Qb1
a5 28. Be3 1/2-1/2

[Event "4NCL Division 3 North"]
[Site "Wakefield, ENG"]
[Date "2016.11.27"]
[Round "2.92"]
[White "Galyas, Miklos"]
[Black "White, Mark W"]
[Result "1-0"]
[WhiteElo "2467"]
[BlackElo "2029"]
[PlyCount "61"]
[EventDate "2016.11.27"]
[WhiteTeam "Manx Liberty"]
[BlackTeam "Jorvik"]

1. d4 Nf6 2. Nf3 g6 3. Nc3 d6 4. e4 Bg7 5. Be2 O-O 6. O-O c6 7. a4 Nbd7 8. Bf4
c5 9. d5 h6 10. h3 Kh7 11. Re1 a6 12. Bf1 b6 13. Qd2 Bb7 14. Rad1 Rc8 15. Bc4
Ne8 16. Qe2 Ra8 17. e5 dxe5 18. Nxe5 Nxe5 19. Bxe5 Bxe5 20. Qxe5 Nd6 21. Bf1
Re8 22. h4 Qd7 23. h5 Qg4 24. hxg6+ fxg6 25. Be2 Qf5 26. Qg3 Rad8 27. Bd3 Qf7
28. Re6 Nf5 29. Bxf5 Qxf5 30. Qc7 Rb8 31. Rde1 1-0

[Event "4NCL Division 3 North"]
[Site "Wakefield, ENG"]
[Date "2016.11.27"]
[Round "2.94"]
[White "Ormsby, Alan"]
[Black "Cowan, Richard M"]
[Result "0-1"]
[WhiteElo "1790"]
[BlackElo "1888"]
[PlyCount "68"]
[EventDate "2016.11.27"]
[WhiteTeam "Manx Liberty"]
[BlackTeam "Jorvik"]

1. d4 Nf6 2. Bg5 d5 3. e3 Ne4 4. Bf4 c6 5. f3 Qa5+ 6. c3 Nf6 7. Bd3 e6 8. Nd2
Nbd7 9. g4 b5 10. b4 Qd8 11. a4 bxa4 12. Qxa4 Bb7 13. Ne2 Nb6 14. Qa5 Bd6 15.
Bxd6 Qxd6 16. Nb3 O-O 17. Nc5 Bc8 18. Qa2 e5 19. g5 Nh5 20. Ng3 Nxg3 21. hxg3
e4 22. Qh2 Bf5 23. fxe4 dxe4 24. Nxe4 Qg6 25. Qc2 Rfe8 26. Nf6+ gxf6 27. Bxf5
Qxg5 28. Bxh7+ Kg7 29. O-O-O Rxe3 30. Kb1 Nc4 31. Qf5 Rxc3 32. Qd7 Rb8 33. Rd3
Rxb4+ 34. Ka2 Qa5# 0-1

[Event "4NCL Division 3 North"]
[Site "Wakefield, ENG"]
[Date "2016.11.27"]
[Round "2.55"]
[White "McLean, Robert"]
[Black "Edwards, Simon R"]
[Result "1/2-1/2"]
[WhiteElo "1967"]
[BlackElo "2065"]
[PlyCount "69"]
[EventDate "2016.11.27"]
[WhiteTeam "3Cs 2"]
[BlackTeam "Cheddleton 2"]

1. e4 c5 2. Nf3 d6 3. d4 cxd4 4. Nxd4 g6 5. Nc3 Bg7 6. Bc4 Nc6 7. Be3 Nf6 8. f3
O-O 9. Qd2 Bd7 10. O-O-O Rc8 11. Bb3 Ne5 12. h4 Nc4 13. Bxc4 Rxc4 14. h5 Nxh5
15. g4 Nf6 16. Bh6 e6 17. Bxg7 Kxg7 18. Qh6+ Kg8 19. Nf5 exf5 20. Nd5 Re8 21.
g5 Nxd5 22. exd5 Be6 23. Qxh7+ Kf8 24. Qh8+ Ke7 25. Qf6+ Kd7 26. dxe6+ Rxe6 27.
Qxf7+ Qe7 28. Qxe7+ Rxe7 29. Rh6 Rg7 30. Rdh1 Rc7 31. Rh7 Kc6 32. Rxg7 Rxg7 33.
Kd2 Kd5 34. Kd3 Ke5 35. Rh4 1/2-1/2

[Event "4NCL Division 3 North"]
[Site "Wakefield, ENG"]
[Date "2016.11.27"]
[Round "2.44"]
[White "Pocevicius, Dovydas"]
[Black "Adam, David W"]
[Result "1-0"]
[WhiteElo "1654"]
[BlackElo "1780"]
[PlyCount "69"]
[EventDate "2016.11.27"]
[WhiteTeam "Enniscorthy"]
[BlackTeam "Bradford DCA Knights C"]

1. e4 c5 2. d4 cxd4 3. c3 d3 4. Bxd3 Nc6 5. Nf3 d6 6. O-O Nf6 7. Bf4 e6 8. Re1
Be7 9. Na3 a6 10. Qc2 b5 11. Rad1 O-O 12. e5 Nd5 13. Bxh7+ Kh8 14. Bg3 Bb7 15.
exd6 Bxd6 16. Bxd6 Qxd6 17. Re4 Qe7 18. Rxd5 Nb4 19. Rxb4 Bxd5 20. Be4 Rac8 21.
Bxd5 Qxb4 22. cxb4 Rxc2 23. Nxc2 exd5 24. Kf1 Re8 25. Ne3 Rd8 26. Nd4 g6 27.
Ke2 Kg7 28. Kd3 Kf6 29. a3 Rd6 30. b3 Ke5 31. g3 f5 32. f4+ Kf6 33. a4 bxa4 34.
bxa4 Ke7 35. Nexf5+ 1-0

[Event "4NCL Division 3 North"]
[Site "Wakefield, ENG"]
[Date "2016.11.27"]
[Round "2.51"]
[White "Clarke, Stuart W"]
[Black "Whitfield, Craig M"]
[Result "1/2-1/2"]
[WhiteElo "2246"]
[BlackElo "2155"]
[PlyCount "71"]
[EventDate "2016.11.27"]
[WhiteTeam "3Cs 2"]
[BlackTeam "Cheddleton 2"]

1. e4 c5 2. c3 Nf6 3. e5 Nd5 4. d4 cxd4 5. cxd4 e6 6. Nf3 d6 7. Bc4 Be7 8. O-O
O-O 9. Qe2 b6 10. Bxd5 exd5 11. Rd1 Na6 12. Nc3 Nc7 13. h3 Bf5 14. Bf4 Qd7 15.
a4 a6 16. Re1 Rfe8 17. Qd1 b5 18. Qb3 bxa4 19. Qxa4 Qxa4 20. Rxa4 Bc2 21. Ra5
dxe5 22. Bxe5 Bb4 23. Bxc7 Rxe1+ 24. Nxe1 Bxa5 25. Bxa5 Bb3 26. Nd3 Rb8 27. Nc5
Bc4 28. Nd1 Be2 29. Ne3 Rxb2 30. Nxd5 Ra2 31. Bc7 Rd2 32. Nc3 Bc4 33. d5 Bxd5
34. Nxd5 Rxd5 35. Nxa6 f6 36. Bf4 1/2-1/2

[Event "4NCL Division 3 North"]
[Site "Wakefield, ENG"]
[Date "2016.11.27"]
[Round "2.11"]
[White "Halfpenny, Glenn"]
[Black "O`Donnell, Conor"]
[Result "1/2-1/2"]
[WhiteElo "2081"]
[BlackElo "2342"]
[PlyCount "71"]
[EventDate "2016.11.27"]
[WhiteTeam "Ashfield Breadsall 1"]
[BlackTeam "Gonzaga"]

1. e4 c6 2. d4 d5 3. e5 c5 4. dxc5 e6 5. Be3 Nh6 6. c3 Nf5 7. Bd4 Bd7 8. Nf3
Nc6 9. Bd3 Nfxd4 10. cxd4 b6 11. O-O bxc5 12. dxc5 Bxc5 13. Nc3 f5 14. Rc1 Be7
15. Nxd5 O-O 16. Nxe7+ Qxe7 17. Bb1 Rab8 18. Qd2 Rfd8 19. a3 Be8 20. Qc3 g5 21.
Rfd1 Rb6 22. Rxd8 Qxd8 23. Ba2 Bf7 24. b4 g4 25. Ne1 Qg5 26. Nd3 h5 27. Re1 Kg7
28. g3 h4 29. Nf4 Ne7 30. Qe3 Qh6 31. Rd1 hxg3 32. fxg3 Rc6 33. Bb3 Ng6 34. Rd7
Nxf4 35. gxf4 a6 36. Rd6 1/2-1/2

[Event "4NCL Division 3 North"]
[Site "Wakefield, ENG"]
[Date "2016.11.27"]
[Round "2.15"]
[White "Ukken, Somton"]
[Black "Freeman, Gordon"]
[Result "0-1"]
[WhiteElo "1917"]
[BlackElo "2119"]
[PlyCount "74"]
[EventDate "2016.11.27"]
[WhiteTeam "Ashfield Breadsall 1"]
[BlackTeam "Gonzaga"]

1. d4 g6 2. c4 Bg7 3. Nc3 d6 4. e4 e5 5. d5 Ne7 6. Be2 f5 7. h4 O-O 8. h5 Nd7
9. hxg6 hxg6 10. Bg5 f4 11. Nf3 Nf6 12. Nh4 Kf7 13. g3 Nh7 14. gxf4 exf4 15.
Bxf4 Kg8 16. Be3 g5 17. Nf3 Ng6 18. Qd2 Nf4 19. Bxf4 Rxf4 20. O-O-O Qf6 21. Nh2
Rxf2 22. Rdf1 Bd7 23. Nf3 Rxf1+ 24. Rxf1 g4 25. e5 dxe5 26. Ne4 Qf4 27. Qxf4
exf4 28. Nfd2 f3 29. Bd3 Re8 30. b4 Nf6 31. Nc5 Bc8 32. Kd1 b6 33. Bg6 Re5 34.
Ncb3 Nh5 35. Bxh5 Rxh5 36. Ne4 Rh2 37. Nbd2 Be5 0-1

[Event "4NCL Division 3 North"]
[Site "Wakefield, ENG"]
[Date "2016.11.27"]
[Round "2.83"]
[White "Bramson, Mike"]
[Black "Somton, Anita"]
[Result "1-0"]
[WhiteElo "1892"]
[BlackElo "1937"]
[PlyCount "73"]
[EventDate "2016.11.27"]
[WhiteTeam "Bradford DCA Knights B"]
[BlackTeam "Ashfield Breadsall 2"]

1. e4 c5 2. Nf3 Nc6 3. Nc3 d6 4. Bc4 Nf6 5. d3 g6 6. h3 Bg7 7. O-O O-O 8. a4
Be6 9. Nd5 Bxd5 10. exd5 Nb4 11. c3 Na6 12. Qb3 Rb8 13. Bf4 Nc7 14. d4 b6 15.
Rad1 Qc8 16. Rfe1 Re8 17. Re2 Qf5 18. Bg3 a6 19. Bd3 Qd7 20. c4 Nh5 21. Be4
Nxg3 22. fxg3 b5 23. dxc5 dxc5 24. Rf1 bxc4 25. Qxc4 Qd6 26. Ng5 Rf8 27. Bf3
Bxb2 28. Qh4 h5 29. g4 Be5 30. Ne4 Bd4+ 31. Kh1 Qd7 32. gxh5 Kg7 33. hxg6 Rh8
34. Qg3 fxg6 35. Bg4 Qd8 36. Nxc5 Bf6 37. Qxc7 1-0

[Event "4NCL Division 3 North"]
[Site "Wakefield, ENG"]
[Date "2016.11.27"]
[Round "2.36"]
[White "Sadler, Anthony"]
[Black "Hilton, Tim"]
[Result "1-0"]
[WhiteElo "1900"]
[BlackElo "1937"]
[PlyCount "73"]
[EventDate "2016.11.27"]
[WhiteTeam "Hounds and Bears"]
[BlackTeam "Manchester Manticores 2"]

1. d4 e6 2. Nf3 d5 3. Bf4 c5 4. e3 Nc6 5. c3 Nf6 6. Be2 Be7 7. Nbd2 O-O 8. h3
b6 9. O-O Bb7 10. Ne5 Nd7 11. Bh2 f6 12. Nxc6 Bxc6 13. f4 Bd6 14. Nf3 Qe7 15.
c4 Rae8 16. Qd2 Bb7 17. Bd3 g6 18. Rad1 e5 19. dxe5 fxe5 20. fxe5 Nxe5 21. Bxe5
Bxe5 22. cxd5 Bxd5 23. Bb5 Bxf3 24. Rxf3 Rxf3 25. Bxe8 Rxe3 26. Bb5 Bd4 27. Kh1
Qe4 28. Kh2 Qf4+ 29. Kh1 Qh4 30. Rf1 Qg5 31. Qc2 Qe7 32. Bc4+ Kh8 33. Qd1 Qe4
34. Kh2 Be5+ 35. Kg1 Qxc4 36. Qd8+ Kg7 37. Qf8# 1-0

[Event "4NCL Division 3 North"]
[Site "Wakefield, ENG"]
[Date "2016.11.27"]
[Round "2.22"]
[White "Okusanya, Tobi"]
[Black "Toole, David"]
[Result "0-1"]
[WhiteElo "1817"]
[BlackElo "1937"]
[PlyCount "76"]
[EventDate "2016.11.27"]
[WhiteTeam "3Cs 3"]
[BlackTeam "Manchester Manticores 3"]

1. e4 c5 2. Nf3 a6 3. c3 d5 4. e5 Nc6 5. d4 Bg4 6. Be3 e6 7. Be2 Qb6 8. Qb3
Qxb3 9. axb3 cxd4 10. Bxd4 f6 11. exf6 gxf6 12. Nbd2 e5 13. Bb6 Bh6 14. b4 Rc8
15. Nb3 e4 16. Nfd4 Bxe2 17. Kxe2 Nge7 18. g3 Kf7 19. Rhd1 f5 20. Nc5 Nxd4+ 21.
Rxd4 Rc6 22. Na4 Nc8 23. Rxd5 Nxb6 24. Rxf5+ Kg6 25. Re5 Nxa4 26. Rxa4 Rd8 27.
Rxe4 Rd2+ 28. Kf1 Rxb2 29. c4 Rd6 30. Ra3 Rxb4 31. Rf3 Rf6 32. Rd3 b5 33. Rg4+
Kf7 34. Rd7+ Ke6 35. Rxh7 Rb1+ 36. Ke2 b4 37. Ra7 Rb2+ 38. Kd3 Kf5 0-1

[Event "4NCL Division 3 North"]
[Site "Wakefield, ENG"]
[Date "2016.11.27"]
[Round "2.35"]
[White "Cukovs, Oleg"]
[Black "Roper, Paul"]
[Result "1/2-1/2"]
[WhiteElo "1990"]
[BlackElo "1930"]
[PlyCount "76"]
[EventDate "2016.11.27"]
[WhiteTeam "Manchester Manticores 2"]
[BlackTeam "Hounds and Bears"]

1. e4 c6 2. d4 d5 3. Nc3 dxe4 4. Nxe4 Nf6 5. Nxf6+ gxf6 6. Bc4 Bf5 7. c3 e6 8.
Ne2 Nd7 9. Be3 Nb6 10. Bd3 Bg6 11. Nf4 Nd5 12. Nxg6 Nxe3 13. fxe3 hxg6 14. Qf3
f5 15. O-O-O Qc7 16. h3 O-O-O 17. e4 Bh6+ 18. Kb1 Qf4 19. Qxf4 Bxf4 20. exf5
exf5 21. Bc4 Rd7 22. Rde1 Kc7 23. Rhf1 Bg3 24. Re3 f4 25. Re4 Kd6 26. Kc2 Re7
27. Rxe7 Kxe7 28. d5 cxd5 29. Bxd5 b6 30. Rd1 Rd8 31. c4 g5 32. Rd2 Rd7 33. Kd3
Kf6 34. Re2 Re7 35. b4 Rxe2 36. Kxe2 Ke7 37. c5 bxc5 38. bxc5 f6 1/2-1/2